<?xml version="1.0" encoding="UTF-8"?><?xml-stylesheet type="text/xsl" href="static/style.xsl"?><OAI-PMH xmlns="http://www.openarchives.org/OAI/2.0/" xmlns:xsi="http://www.w3.org/2001/XMLSchema-instance" xsi:schemaLocation="http://www.openarchives.org/OAI/2.0/ http://www.openarchives.org/OAI/2.0/OAI-PMH.xsd"><responseDate>2026-04-17T11:32:08Z</responseDate><request verb="GetRecord" identifier="oai:riubu.ubu.es:10259/10662" metadataPrefix="marc">https://riubu.ubu.es/oai/request</request><GetRecord><record><header><identifier>oai:riubu.ubu.es:10259/10662</identifier><datestamp>2025-07-05T00:05:32Z</datestamp><setSpec>com_10259_2671</setSpec><setSpec>com_10259_2670</setSpec><setSpec>com_10259_2658</setSpec><setSpec>com_10259_2605</setSpec><setSpec>col_10259_10654</setSpec></header><metadata><record xmlns="http://www.loc.gov/MARC21/slim" xmlns:doc="http://www.lyncode.com/xoai" xmlns:xsi="http://www.w3.org/2001/XMLSchema-instance" xmlns:dcterms="http://purl.org/dc/terms/" xsi:schemaLocation="http://www.loc.gov/MARC21/slim http://www.loc.gov/standards/marcxml/schema/MARC21slim.xsd">
<leader>00925njm 22002777a 4500</leader>
<datafield tag="042" ind1=" " ind2=" ">
<subfield code="a">dc</subfield>
</datafield>
<datafield tag="260" ind1=" " ind2=" ">
<subfield code="c">2023</subfield>
</datafield>
<datafield tag="024" ind2=" " ind1="8">
<subfield code="a">https://hdl.handle.net/10259/10662</subfield>
</datafield>
<datafield tag="245" ind1="0" ind2="0">
<subfield code="a">Boletín OTRI-OTC nº 88, junio 2023</subfield>
</datafield>
</record></metadata></record></GetRecord></OAI-PMH>